| 000 | 00595nam a22001817a 4500 | ||
|---|---|---|---|
| 005 | 20251108172645.0 | ||
| 008 | 250721s1999 xx 000 0 ara d | ||
| 082 | 1 | 4 | _a343.098/حسن |
| 100 | 1 | _aحسني، سوزان | |
| 245 | 1 | 0 | _aمسؤولية الوكيل بالعمولة للنقل في النقل الداخلي و الدولي و المتعدد الوسائط / |
| 264 | 1 |
_aالقاهرة : _bمنشأة المعارف، _c1999. |
|
| 300 | _a370ص | ||
| 650 | 1 | 7 | _aالنقل |
| 650 | 1 | 7 | _aالقانون |
| 650 | 1 | 7 | _aأنظمة النقل |
| 942 |
_2ddc _cBK |
||
| 999 |
_c85137 _d85137 |
||